1947 1717 1106 1112 1534 1384 1142 1968 1419 1219 1338 1539 1101 1164 1452 1096 1998 1384 1856 1843 1300 1801 1146 1134 1251 1692 1100 1375 1401 1915 1017 1252 1825 1120 1132 1069 1188 1877 1639 1901 1364 1479 1824 1668 1394 1078 1593 1428 1967 1096 1510 1532 1036 1033 1419 1565 1528 1248 1900 1577 1498 1706 1986 1507 1682 1050 1770 1890 1992 1481 1859 1193 1091 1738 1358 1284 1970 1946 1123 1906 1057 1997 1540 1633 1810 1942 1161 1053 1577 1243 1105 1791 1517 1028 1189 1446 1892 1073 1328 BCNSPRNW ULIB Ver.6.0+V

เปลี่ยนเป็นภาษาไทย

Change to English
 แสดงรายละเอียดบรรณานุกรม
  กลับหน้าหลัก

Brief Record : Get Marc (ISO 2709) : E-mail record : QR code < ปิดหน้าต่าง
LEADER : 00000nam 2200000uu 4500
001    13399108817
003     ULIB
008    110315s2552||||th 000 0 tha d
020    9789742991258
060 04 W84.6^bล517พ 2552
100 0  ลือชัย ศรีเงินยวง
245 10 พัฒนาการและข้อเสนอทศวรรษที่สี่การสาธารณสุขมูลฐานไทย =^bPrimary care vs. primary health care /^cลือชัย ศรีเงินยวง, ศุภลักษณ์ เลิศมโนรัตน์, ยงยุทธ พงษ์สุภาพ
246 31 Primary care vs. primary health care
250    พิมพ์ครั้งที่ 1
260    นนทบุรี :^bสำนักพิมพ์วันดีคืนดี,^c2552
300    104 หน้า :^bภาพประกอบ ;^c21 ซม
650  7 สาธารณสุขมูลฐาน^zไทย
650  7 สุขภาพ
650  7 สาธารณสุข^zไทย
650  7 บริการอนามัยชนบท
653    บริการปฐมภูมิ
700 0  ยงยุทธ พงษ์สุภาพ
700 0  ศุภลักษณ์ เลิศมโนรัตน์
945    ^p0^l0^i027717
995    ทศพร
999 ^a ใช้งานได้ทุกระบบ
รายการนี้ยังไม่มีแท็ก
คุณยังไม่ได้ล็อกอิน คุณสามารถมีกิจกรรมร่วมกับเว็บไซต์ได้ แต่ต้องล็อกอินก่อน ::
  ล็อกอิน

รายการสื่อสารสนเทศ

ลำดับที่ ประเภท เลขเรียก/บาร์โค้ด สถานที่ สถานะ
- ไม่พบข้อมูล -

รายการใกล้เคียง
    ผู้แต่ง [ลือชัย ศรีเงินยวง]

    หัวเรื่อง [สุขภาพ]
    หัวเรื่อง [บริการอนามัยชนบท]

BibComment


ยังไม่เคยถูกคอมเมนท์

คอมเมนท์ทรัพยากรรายการนี้
  คอมเมนท์: พัฒนาการและข้อเสน..


 Copyright 2026. Bcnsprnw @Library